01085 a2200181 4500003000500000005001700005040000900022082001200031100002800043245005300071260002500124300001000149505056200159650001900721942002100740999001900761952012300780Nust20230504103933.0 cNust a962,JOE ajoesten,Joachim9112090 aNasser: b The Rise To Power / cJoachim Joesten aLondonbOdhams Press a222:p aNasser at School (Page-13), Britain in Egypt (Page-20), The Growth of Nationalism (Page-35), Future Political Program (Page-56Nasser the Student (Page-62), Tiger of Faluja (Page-76), Revolution (Page-83), Nasser Versus Neguib (Page-100), The Aswan High Dam (Page-120), The Big Bold Grab (Page-132), Nasser Between East and West (Page-141) The Egyptian (Page-165), A King Survives (Page-171), The United Nasser Republic (Page-182), Dream of Empire (Page-192) The Brothers in Baghdad (Page-200), Nasser and Kassem (Page-208), Nasser the Family Man (Page-216). aNasser9112091 2ddccBKk962,JOE c187605d187605 00102ddc4070aMCSbMCScGENd2016-12-12o962,JOEpMCS29405r2016-12-08w2016-12-12yBKzAlmirah No. 75, Shelf No. 8